000 00373 a2200169 4500
001 173623
020 _a85-16-00803-7
040 _cMagnum
100 _aBraz, Julio Emilio
240 1 0 _aNuma véspera de natal
_lpor
245 1 0 _aNuma véspera de natal
300 _a52
362 0 _a1993
440 1 _aModerna
697 _aLITERATURA INFANTO-JUVENIL
942 _cBK
999 _c173623
_d173623